Amazing Grace /

Bibliographic Details
Main Author: Dowling, Clare
Format: Book
Language:English
Published: Dublin, Ireland : Poolbeg, 2004.
Subjects:

MARC

Tag First Indicator Second Indicator Subfields
LEADER 00000cam a2200000Ka 4500
001 in00001844713
005 20151026084701.0
008 040514s2004 ie 000 1 eng
020 |a 1842231413 
035 |a (OCoLC)ocm55138248 
040 |a IEKBA  |c IEKBA  |d OCLCQ  |d TXA  |d UtOrBLW 
043 |a e-ie--- 
049 |a TXAM 
090 |a PR6054.O8615  |b A63 2004 
100 1 |a Dowling, Clare. 
245 1 0 |a Amazing Grace /  |c Clare Dowling. 
264 1 |a Dublin, Ireland :  |b Poolbeg,  |c 2004. 
300 |a 500 pages ;  |c 18 cm. 
336 |a text  |b txt  |2 rdacontent 
337 |a unmediated  |b n  |2 rdamedia 
338 |a volume  |b nc  |2 rdacarrier 
650 0 |a Romance-language fiction. 
651 0 |a Cork (Ireland : County)  |v Fiction. 
655 7 |a Domestic fiction.  |2 lcgft 
948 |a cataloged  |b h  |c 2004/8/11  |d c  |e jgreene  |f 4:20:29 pm 
994 |a E0  |b TXA 
999 |a MARS 
999 f f |s 78720a27-8ec4-3bbd-9ad6-5d316def02d4  |i c6a8f56a-79aa-3e0b-951a-e92e032cdaf0  |t 0 
952 f f |p normal  |a Texas A&M University  |b College Station  |c Sterling C. Evans Library  |d Evans: Library Stacks  |t 0  |e PR6054.O8615 A63 2004  |h Library of Congress classification  |i unmediated -- volume  |m A14831287446 
998 f f |a PR6054.O8615 A63 2004  |t 0  |l Evans: Library Stacks